| 000 | 00678nam a2200253Ia 4500 | ||
|---|---|---|---|
| 008 | 160819s9999 xx 000 0 und d | ||
| 020 | _a981-232-129-2 | ||
| 050 | _aCUL TX 733 | ||
| 050 | _b.Z35 2002 | ||
| 100 | _aNoor, Zaida Mohd/ | ||
| 245 | _aBreakfast and brunches : | ||
| 245 | _bscrumptious meals to start your day the Asian way / | ||
| 245 | _cZaidah Mohd Noor. | ||
| 260 | _aSingapore : | ||
| 260 | _bTimes Media Private Ltd., | ||
| 260 | _c2002 | ||
| 300 | _a84 pages : | ||
| 300 | _bcolor illustrations ; | ||
| 300 | _c24 cm. | ||
| 440 | _aCelebrity chefs' cookbooks | ||
| 650 | _aBreakfasts. | ||
| 650 | _aCookery, Asian. | ||
| 650 | _xBrunches. | ||
| 999 |
_c300745 _d300745 |
||